Zavedení eura na Slovensku

Možnosti prijatia eura na Slovensku k 1. 1. 2009 z pohľadu českej autorky. Autorka sa snaží nielen o zhrnutie dostupných informácií, ale aj posúdenie rálnosti tohto termínu z pohľadu ekonomickej teórie. Samostatná časť je venovaná komunikácii s občanmi a spôsobu ochrany spotrebiteľov pred jednorazov...

Full description

Saved in:
Bibliographic Details
Main Author: Mašátová, Vendula
Format: Book Chapter
Language:Czech
Subjects:
Tags: Add Tag
No Tags, Be the first to tag this record!

MARC

LEADER 00000nla$a2200000$$$4500
001 0077884
005 20220801085440.7
041 0 |a cze 
044 |a CZ 
245 1 0 |a Zavedení eura na Slovensku  |c Vendula Mašátová 
520 |a Možnosti prijatia eura na Slovensku k 1. 1. 2009 z pohľadu českej autorky. Autorka sa snaží nielen o zhrnutie dostupných informácií, ale aj posúdenie rálnosti tohto termínu z pohľadu ekonomickej teórie. Samostatná časť je venovaná komunikácii s občanmi a spôsobu ochrany spotrebiteľov pred jednorazovým nárastom cien. 
610 2 0 |a euro 
610 2 0 |a Slovensko 
610 2 0 |a konvergencia 
610 2 0 |a ochrana spotrebiteľa 
100 1 |a Mašátová, Vendula